000
00300nam a2200109Ia 4500
008
200302s9999 xx 000 0 und d
100
_a
Clive Thomas Cain
245
_a
Performance Measurement For Construction Profitability(Usd 120)
260
_b
Blackwell Publishing
260
_c
2004
300
_a
214 P
999
_c
4801
_d
4801